000 00572nam a2200193Ia 4500
005 20250507130239.0
008 008 250505s9999 xx 000 0 eng d
037 _aSeries Article
040 _aEASL
_beng
_cEASL
041 _aeng
_2eng
084 _qEASL
100 _aBrauw Alan De & Others
_9669077
245 0 _aFeminization of agriculture in china?Myths surrounding women's participation in farming
260 _aUK
_bUK Cambridge Univesity Press UK
_c2008
300 _a327-348
650 _aChina
942 _cSRA
999 _c1318547
_d1318547